[Event "Chance Cup Open 2011"]
[Site "Frydek Mistek CZE"]
[Date "2011.04.23"]
[Round "5"]
[White "Korschner,M"]
[Black "Orosi,P"]
[Result "1/2-1/2"]
[WhiteElo "2124"]
[BlackElo "2020"]

1.Nf3 Nf6 2.d4 d5 3.c4 c6 4.Nc3 dxc4 5.a4 Bf5 6.e3 e6 7.Bxc4 Nbd7 8.O-O Bb4
9.Qb3 Qb6 10.Na2 Bd6 11.Bd2 Qxb3 12.Bxb3 a5 13.Nc3 O-O 14.Rfe1 Ne4 15.Nxe4 Bxe4
16.Ng5 Bd5 17.Bc2 h6 18.Ne4 Bxe4 19.Bxe4 Nf6 20.Bd3 Nd5 21.Rac1 Bb4 22.Bc3 Rfe8
23.Bc4 Rad8 24.Red1 e5 25.Bxd5 Rxd5 26.Bxb4 axb4 27.Rc4 exd4 28.exd4 b3 29.Kf1 Ra8
30.Rd3 Rda5 31.Rb4 Rxa4 32.Rxb7 Rd8  1/2-1/2

[Event "Chance Cup Open 2011"]
[Site "Frydek Mistek CZE"]
[Date "2011.04.23"]
[Round "6"]
[White "Lys,J"]
[Black "Straka,V"]
[Result "0-1"]
[WhiteElo "2174"]
[BlackElo "2101"]

1.d4 d5 2.c4 c6 3.Nc3 Nf6 4.Nf3 dxc4 5.a4 Bf5 6.Ne5 Nbd7 7.Nxc4 Qc7 8.f3 e5
9.dxe5 Nxe5 10.Nxe5 Qxe5 11.Qb3 Bc5 12.Nd1 O-O 13.e3 Rad8 14.Bc4 b5 15.axb5 cxb5
16.Be2 Nd5 17.O-O Nf4 18.Bxb5 Rb8 19.Kh1 Nxg2 20.Kxg2 Bd6 21.f4 Be4+ 22.Kf2 Qh5
23.Qc4 Bd5 24.Qe2 Qxh2+ 25.Ke1 Qg3+ 26.Rf2 Rfd8 27.Nc3 Be6 28.Qf3 Qh4 29.Rxa7 Bb4
30.Qc6 Rbc8 31.Rc7 Ra8 32.Ba6 Ba5 33.Bb7 Rab8 34.Qc5 Bxc7 35.Qxc7 Qg4 36.Ne2 Bb3
37.Bd2 Qf5 38.e4 Qb5  0-1

[Event "Easter Open"]
[Site "Norrkoping SWE"]
[Date "2011.04.23"]
[Round "5"]
[White "Nygren,D"]
[Black "Henriksson,Jo"]
[Result "0-1"]
[WhiteElo "2204"]
[BlackElo "2272"]

1.d4 d5 2.c4 c6 3.Nf3 Nf6 4.Nc3 dxc4 5.a4 Bf5 6.Ne5 Nbd7 7.Nxc4 Qc7 8.g3 e5
9.dxe5 Nxe5 10.Bf4 Nfd7 11.Bg2 O-O-O 12.O-O g5 13.Ne3 Nc5 14.Qe1 gxf4 15.Nxf5 Nb3
16.Rd1 Bb4 17.Be4 Nc4 18.Bd3 Nxb2 19.Rb1 Qe5 20.Rxb2 Bxc3 21.gxf4 Qf6 22.Qd1 Nc5
23.Rc2 Nxd3 24.exd3 Qxf5  0-1

[Event "57th ch-WLS"]
[Site "Cardiff WLS"]
[Date "2011.04.24"]
[Round "5.2"]
[White "Jameson,D"]
[Black "Jones,RS"]
[Result "1/2-1/2"]
[WhiteElo "2088"]
[BlackElo "2369"]

1.d4 d5 2.c4 c6 3.Nc3 Nf6 4.Nf3 dxc4 5.a4 Bf5 6.e3 e6 7.Bxc4 Bb4 8.O-O O-O
9.Nh4 Bg6 10.Nxg6 hxg6 11.Qb3 Qb6 12.Rd1 Nbd7 13.Bd2 Rad8 14.Be1 c5 15.d5 Bxc3
16.Bxc3 Qxb3  1/2-1/2

[Event "57th ch-WLS"]
[Site "Cardiff WLS"]
[Date "2011.04.25"]
[Round "7.4"]
[White "Morris,Ga"]
[Black "Jones,RS"]
[Result "0-1"]
[WhiteElo "2131"]
[BlackElo "2369"]

1.d4 d5 2.c4 c6 3.Nf3 Nf6 4.Nc3 dxc4 5.a4 Bf5 6.Nh4 Bc8 7.Nf3 Bf5 8.Ne5 Nbd7
9.Nxc4 Nb6 10.Ne5 a5 11.f3 Nfd7 12.e4 Nxe5 13.dxe5 Qxd1+ 14.Nxd1 Be6 15.Be2 f6
16.exf6 exf6 17.O-O Bb3 18.Nc3 Bc5+ 19.Kh1 O-O-O 20.Bd1 Bc4 21.Be2 Bb3 22.Bd1 Bxd1
23.Nxd1 Rd3 24.Bf4 Rhd8 25.Nc3 Bb4 26.Rfc1 Bxc3 27.bxc3 Nxa4 28.c4 Nb2 29.Kg1 Rd1+
30.Rxd1 Rxd1+ 31.Rxd1 Nxd1 32.Bd6 Ne3 33.Bf8 Kd7 34.Bxg7 Ke6 35.g4 Nxc4 36.h4 Kf7
37.Bh8 Ne5 38.g5 Nxf3+ 39.Kf2 Nxh4 40.Bxf6 Ng6 41.Bc3 a4 42.Bb4 Ke6 43.Ke3 b6  0-1

[Event "1st CHN-w Masters"]
[Site "Jiangsu Wuxi CHN"]
[Date "2011.04.25"]
[Round "9"]
[White "Tan Zhongyi"]
[Black "Shen Yang"]
[Result "1/2-1/2"]
[WhiteElo "2428"]
[BlackElo "2443"]

1.d4 d5 2.c4 c6 3.Nf3 Nf6 4.Nc3 dxc4 5.a4 Bf5 6.e3 e6 7.Bxc4 Bb4 8.O-O Nbd7
9.Qe2 O-O 10.e4 Bg6 11.Bd3 Bh5 12.e5 Nd5 13.Nxd5 cxd5 14.Qe3 Be7 15.Ng5 Bxg5
16.Qxg5 Bg6 17.Be2 Nb8 18.Qxd8 Rxd8 19.Bd2 Nc6 20.Bc3 Rac8 21.a5 a6 22.Rfc1 f6
23.f4 Kf7 24.Kf2 Be4 25.g3 Rc7 26.Ke3 Ne7 27.g4 Rdc8 28.Bd2 Rxc1 29.Rxc1 Rxc1
30.Bxc1 Nc6 31.Bd2 h6 32.Bc3 Na7 33.b4 Nb5 34.Bxb5 axb5 35.Be1 Bc2 36.h4 f5
37.g5 Kg6 38.Kf3  1/2-1/2

[Event "2nd Lille Open"]
[Site "Lille FRA"]
[Date "2011.04.29"]
[Round "6.9"]
[White "Colin,V"]
[Black "Tikkanen,H"]
[Result "0-1"]
[WhiteElo "2427"]
[BlackElo "2541"]

1.d4 d5 2.c4 c6 3.Nf3 Nf6 4.Nc3 dxc4 5.a4 Bf5 6.Nh4 Bg4 7.h3 Bh5 8.g4 Bg6
9.Nxg6 hxg6 10.e4 e5 11.Bxc4 exd4 12.e5 Bb4 13.Qb3 Nd5 14.Bd2 dxc3 15.bxc3 Ba5
16.Qxb7 Qc7 17.Rb1 Qxb7 18.Rxb7 Nd7 19.O-O N5b6 20.e6 Nc5 21.exf7+ Kf8 22.Rxb6 Bxb6
23.Re1 Nd7 24.Bf4 Bc5 25.Kg2 Nb6 26.Be6 Nd5 27.Bg3 g5 28.Bd7 Kxf7 29.Bxc6 Nxc3
30.Re5 Be7 31.Bxa8 Rxa8  0-1

[Event "TCh-HUN 2010-11"]
[Site "Budapest HUN"]
[Date "2011.05.01"]
[Round "10"]
[White "Horvath,Ju"]
[Black "Macsik,T"]
[Result "0-1"]
[WhiteElo "2244"]
[BlackElo "2291"]

1.d4 d5 2.c4 c6 3.Nc3 Nf6 4.Nf3 dxc4 5.a4 Bf5 6.Ne5 Nbd7 7.Nxc4 Nb6 8.Ne5 Nbd7
9.Nd3 Bxd3 10.Qxd3 e5 11.dxe5 Nxe5 12.Qf5 Qa5 13.e4 Bb4 14.Bd2 Rd8 15.Be2 O-O
16.Qf4 Rfe8 17.O-O Ng6 18.Qe3 Nxe4 19.Nxe4 Bxd2 20.Qf3 Qb4 21.Ng3 Bf4 22.b3 Ne5
23.Qe4 Rd4 24.Qf5 g6 25.Qb1 h5 26.Rd1 Red8 27.Rxd4 Rxd4 28.Nf1 Qc3 29.Qa2 Rb4
30.Rb1 Nd7 31.a5 Nc5 32.Bc4 Ne4 33.Qe2 Nd6 34.Qd1 Nxc4 35.bxc4 Qxc4 36.g3 Bg5
37.h4 Bh6 38.Qd8+ Kg7 39.Re1 Qd4 40.Qe7 Rb2 41.Re2 Rxe2 42.Qxe2 Bc1 43.Nh2 Ba3
44.Nf3 Qc3 45.a6 b5 46.Ng5 Bc1 47.Ne4 Qd4 48.Kg2 f5 49.Nc3 Ba3 50.Nb1 Bc5
51.Nd2 b4 52.Nf3 Qd5 53.Kh2 Kf6 54.Qb2+ Ke7 55.Qg7+ Kd8 56.Ne5 b3 57.Qf6+ Kc7
58.Qg7+ Kb6 59.Qb7+ Ka5 60.Nxc6+ Ka4 61.Qc7 Bb6 62.Qf4+ Kb5 63.Ne7 Qd4 64.Nxg6 Qxf4
65.Nxf4 b2  0-1

[Event "TCh-HUN 2010-11"]
[Site "Zalaegerszeg HUN"]
[Date "2011.05.01"]
[Round "10"]
[White "Csiszar,C"]
[Black "Zentai,P2"]
[Result "1-0"]
[WhiteElo "2387"]
[BlackElo "2311"]

1.d4 d5 2.Nf3 Nf6 3.c4 c6 4.Nc3 dxc4 5.a4 Bf5 6.Ne5 Nbd7 7.Nxc4 Nb6 8.Ne5 a5
9.f3 Nfd7 10.Nxd7 Bxd7 11.e4 g6 12.Be3 Bg7 13.Qb3 O-O 14.Be2 Nc8 15.Qxb7 Nd6
16.Qb3 Rb8 17.Qc2 Qb6 18.Qd3 Be6 19.Rb1 Bc4 20.Qd2 Bxe2 21.Nxe2 Nc4 22.Qc3 Nxe3
23.Qxe3 Rfd8 24.e5 Qb4+ 25.Kf2 Qxa4 26.b3 Qb4 27.Rhc1 Rb6 28.Qe4 Rdb8 29.Ra1 Rb5
30.Rc3 Rd5 31.Ra4 Qb7 32.Rac4 Rb5 33.Nc1 Qa7 34.Kg3 Rd5 35.Ne2 Rdb5 36.Qxc6 e6
37.Qd6 h5 38.Rc7 Qa8 39.Qd7  1-0

[Event "29th Metz Open A"]
[Site "Longeville-les-Metz FRA"]
[Date "2011.05.03"]
[Round "2.1"]
[White "Gupta,Ab"]
[Black "Savchenko,S"]
[Result "1/2-1/2"]
[WhiteElo "2604"]
[BlackElo "2510"]

1.d4 d5 2.c4 c6 3.Nf3 Nf6 4.Nc3 dxc4 5.a4 Bf5 6.Ne5 Nbd7 7.Nxc4 Nb6 8.Ne5 a5
9.e3 Nbd7 10.Nc4 e6 11.f3 Bb4 12.e4 Bg6 13.Be2 Nb6 14.Ne5 Nfd7 15.Nd3 Qe7
16.O-O O-O 17.Qb3 f6 18.Bd2 Bf7 19.Nxb4 Qxb4 20.Qxb4 axb4 21.Na2 b3 22.Nc1 Rxa4
23.Nxb3 e5 24.Na5 exd4 25.Nxb7 Ne5 26.Nc5 Rxa1 27.Rxa1 Nbc4 28.Bc1 Rd8 29.b3 d3
30.Nxd3 Nxd3 31.bxc4 Bxc4 32.Ra3 Bb5 33.Be3 Ne5 34.Ra2 Bxe2 35.Rxe2 Rd1+
36.Kf2 Nd3+ 37.Kg3 Re1 38.Rxe1 Nxe1 39.Kf2  1/2-1/2

[Event "29th Metz Open A"]
[Site "Longeville-les-Metz FRA"]
[Date "2011.05.03"]
[Round "3.5"]
[White "Savchenko,S"]
[Black "Rotstein,A"]
[Result "1/2-1/2"]
[WhiteElo "2510"]
[BlackElo "2547"]

1.d4 d5 2.c4 c6 3.Nf3 Nf6 4.Nc3 dxc4 5.a4 Bf5 6.Ne5 e6 7.f3 Bb4 8.e4 Bxe4
9.fxe4 Nxe4 10.Qf3 Qxd4 11.Qxf7+ Kd8 12.Bg5+ Nxg5 13.Qxg7 Bxc3+ 14.bxc3 Qxc3+
15.Ke2 Qc2+ 16.Ke1 Qc3+ 17.Ke2 Qc2+ 18.Ke1 Qc3+ 19.Ke2 Qc2+ 20.Ke1 Qc3+  1/2-1/2

[Event "29th Metz Open A"]
[Site "Longeville-les-Metz FRA"]
[Date "2011.05.05"]
[Round "6.9"]
[White "Nguyen Chi Minh"]
[Black "Savchenko,S"]
[Result "1/2-1/2"]
[WhiteElo "2381"]
[BlackElo "2510"]

1.d4 d5 2.c4 c6 3.Nc3 Nf6 4.Nf3 dxc4 5.a4 Bf5 6.Ne5 Nbd7 7.Nxc4 Nb6 8.Ne5 a5
9.f3 Nfd7 10.e4 Nxe5 11.exf5 Ned7 12.d5 cxd5 13.Nxd5 e6 14.Nxb6 Bb4+ 15.Bd2 Qxb6
16.Bb5 Qe3+ 17.Kf1 Qxd2 18.Qxd2 Bxd2 19.fxe6 fxe6 20.Bxd7+ Kxd7 21.Rd1 Ke7
22.Rxd2 b5 23.axb5 Rhb8 24.Kf2 Rxb5 25.Rc1 Ra7 26.Ra1 Rab7 27.Kg3 Rxb2 28.Rxb2 Rxb2
29.Rxa5 Kf6 30.h4 h6  1/2-1/2

[Event "FSFMB May"]
[Site "Budapest HUN"]
[Date "2011.05.07"]
[Round "1.2"]
[White "Szatmari,D"]
[Black "Rusek,W"]
[Result "1-0"]
[WhiteElo "1991"]
[BlackElo "1828"]

1.d4 d5 2.c4 c6 3.Nc3 Nf6 4.Nf3 dxc4 5.a4 Bf5 6.e3 e6 7.Bxc4 Bb4 8.O-O O-O
9.Qb3 Qb6 10.Ne5 Nbd7 11.Nxd7 Nxd7 12.e4 Bg6 13.Be3 Ba5 14.Qc2 Qd8 15.h3 Nf6
16.Bd3 Bb6 17.Ne2 Qe7 18.a5 Bc7 19.f4 a6 20.Bd2 h6 21.Ra4 Qd7 22.Bb4 Rfd8
23.Bc5 Ne8 24.e5 Bxd3 25.Qxd3 g6 26.Ng3 Rdc8 27.Ne4 Bd8 28.g4 Be7 29.b4 Rd8
30.Qg3 Kh7 31.Kh2 Rdc8 32.f5 exf5 33.gxf5 g5 34.Qg4 Bxc5 35.bxc5 Qc7 36.f6 Rd8
37.Nxg5+ hxg5 38.Qh5+ Kg8 39.Qxg5+ Kf8 40.Qh6+ Ng7 41.fxg7+ Ke7 42.Qg5+  1-0

[Event "ch-CAN"]
[Site "Guelph CAN"]
[Date "2011.05.08"]
[Round "5"]
[White "Sambuev,B"]
[Black "Gerzhoy,L"]
[Result "1/2-1/2"]
[WhiteElo "2513"]
[BlackElo "2496"]

1.d4 d5 2.c4 c6 3.Nc3 Nf6 4.Nf3 dxc4 5.a4 Bf5 6.Ne5 Nbd7 7.Nxc4 Qc7 8.g3 e5
9.dxe5 Nxe5 10.Bf4 Nfd7 11.Bg2 g5 12.Bxe5 Nxe5 13.Qd4 f6 14.O-O Be7 15.Ne3 Bg6
16.a5 O-O 17.Rfc1 a6 18.Ncd5 Qd8 19.Nxe7+ Qxe7 20.Rd1 f5 21.f4 gxf4 22.Qxf4 Rae8
23.Rd2 Ng4 24.Nxg4 fxg4 25.Qc4+ Rf7 26.e4 Qe6 27.Qc3 Qe5 28.Rd8 Re7 29.Rxe8+ Bxe8
30.Ra4 Qxc3 31.bxc3 c5 32.Ra1 Bc6 33.Re1 Rd7 34.Kf2 Rd2+ 35.Re2 Rd3 36.Re3 Rd2+
37.Re2 Rd3 38.Re3  1/2-1/2

[Event "29th Metz Open A"]
[Site "Longeville-les-Metz FRA"]
[Date "2011.05.08"]
[Round "9.6"]
[White "Gladyszev,O"]
[Black "Svetushkin,D"]
[Result "0-1"]
[WhiteElo "2472"]
[BlackElo "2561"]

1.d4 d5 2.c4 c6 3.Nf3 Nf6 4.Nc3 dxc4 5.a4 Bf5 6.Ne5 Nbd7 7.Nxc4 Nb6 8.Ne5 a5
9.f3 Nfd7 10.e4 Nxe5 11.dxe5 Be6 12.Qxd8+ Rxd8 13.Be3 Nc4 14.Bxc4 Bxc4 15.Bb6 Ra8
16.O-O-O g6 17.Kc2 Bh6 18.g3 f6 19.exf6 exf6 20.Rd6 Bf8 21.Rxf6 Be7 22.Rf4 Be6
23.Bd4 Rg8 24.h4 h6 25.g4 g5 26.hxg5 Bxg5 27.Rf6 Bxf6 28.Bxf6 Rg6 29.e5 Kf7
30.Ne2 Bd5 31.Rh3 h5 32.g5 Rag8 33.Nf4 Rxg5 34.Bxg5 Rxg5 35.Nxd5 cxd5 36.f4 Rg4
37.Rxh5 Rxf4 38.Rh7+ Ke6 39.Rxb7 Rxa4 40.Ra7 Rc4+ 41.Kd2 a4 42.b3 axb3 43.Rb7 Rc2+
44.Ke3 Rc3+ 45.Kf4 Rc4+ 46.Kf3 Rh4 47.Kg3 Re4 48.Rxb3 Kxe5 49.Kf3 Kd4 50.Rb4+ Kd3
51.Rb3+ Kd2 52.Rb2+ Kc3 53.Rb5 Re5 54.Kf4 Rh5 55.Kg4 Kc4 56.Rb1 Rh2 57.Kg3 Rc2
58.Kf3 d4 59.Rb8 Kc3 60.Rh8 d3 61.Rc8+ Kd2 62.Rh8 Rc1 63.Kf2 Rc7 64.Kf3 Re7  0-1

[Event "ch-UKR semi-final"]
[Site "Alushta UKR"]
[Date "2011.05.09"]
[Round "7.26"]
[White "Poluektov,Y2"]
[Black "Onikienko,V"]
[Result "1-0"]
[WhiteElo "2372"]
[BlackElo "2205"]

1.d4 Nf6 2.Nf3 d5 3.c4 dxc4 4.Nc3 c6 5.a4 Bf5 6.e3 e6 7.Bxc4 Bb4 8.O-O Nbd7
9.Qe2 O-O 10.e4 Bg4 11.Rd1 Qa5 12.e5 Nd5 13.Nxd5 cxd5 14.Bd3 Bxf3 15.Qxf3 Rfc8
16.Bxh7+ Kxh7 17.Qxf7 Qc7 18.Qxe6 Qc6 19.Qh3+ Kg8 20.f4 Nf8 21.f5 Qc2 22.Qf3 Qe4
23.Qxe4 dxe4 24.d5 Rc2 25.Be3 Nd7 26.e6 Nf6 27.d6 Ng4 28.d7 Rxg2+ 29.Kxg2 Nxe3+
30.Kg3 Nxd1 31.Rxd1 Be7 32.Kf4 e3 33.Kxe3 Kf8 34.Ke4 a5 35.Rc1 Rd8 36.Rc7 Bd6
37.Rxb7 Bxh2 38.Rb5 Ke7 39.Rxa5 g6 40.fxg6 Kxe6 41.Ra7 Kf6 42.Kd5 Kxg6 43.Ke6 Bg3
44.b4 Bh4 45.Rc7 Ra8 46.Rc4 Ra6+ 47.Kd5 Bf6 48.b5 Ra8 49.Ke6 Rh8 50.Rg4+ Bg5
51.b6 Kh5 52.Rxg5+ Kxg5 53.Ke7  1-0

[Event "ch-Asian Individual w"]
[Site "Mashhad IRI"]
[Date "2011.05.10"]
[Round "9.9"]
[White "Alavi,H"]
[Black "Hoang Thi Bao Tram"]
[Result "0-1"]
[WhiteElo "2008"]
[BlackElo "2311"]

1.d4 d5 2.c4 c6 3.Nf3 Nf6 4.Nc3 dxc4 5.a4 Bf5 6.e3 e6 7.Bxc4 Nbd7 8.O-O Bb4
9.Qb3 Qb6 10.e4 Bg4 11.Nd2 a5 12.d5 exd5 13.exd5 O-O 14.Nde4 Nxe4 15.Nxe4 Qd4
16.dxc6 bxc6 17.Ng5 Ne5 18.Qc2 g6 19.Be2 Bxe2 20.Qxe2 Rad8 21.Be3 Qc4 22.Qxc4 Nxc4
23.Bc1 Rd3 24.Ne4 f5 25.Ng3 Re8 26.Rb1 Nb6 27.b3 Nd5 28.Rb2 Bc3 29.Ra2 Bf6
30.Rc2 Re6 31.Bd2  0-1

[Event "13th Salou Open"]
[Site "Salou ESP"]
[Date "2011.05.10"]
[Round "8"]
[White "Del Rio de Angelis,S"]
[Black "Moskalenko,V1"]
[Result "0-1"]
[WhiteElo "2508"]
[BlackElo "2582"]

1.d4 d5 2.c4 c6 3.Nf3 Nf6 4.Nc3 dxc4 5.a4 Bf5 6.Nh4 e6 7.Nxf5 exf5 8.e3 Bd6
9.Bxc4 O-O 10.Qf3 Qa5 11.Bd2 Bb4 12.Bd3 g6 13.h3 Nd5 14.Rc1 Nd7 15.g4 N7b6
16.O-O Nxa4 17.Nxd5 cxd5 18.Bxb4 Qxb4 19.gxf5 Nxb2 20.fxg6 hxg6 21.Bb1 Rad8
22.Ba2 Nd3 23.Ra1 Qe7 24.Bb1 Nb4 25.Rxa7 Kg7 26.Ra5 Rh8 27.Rc1 Rh5 28.Rac5 Rdh8
29.Rc7 Qe6 30.Rxb7 Rxh3 31.Qg2 R8h4 32.Rcc7 Rh1+ 33.Qxh1 Qg4+  0-1

[Event "13th Salou Open"]
[Site "Salou ESP"]
[Date "2011.05.10"]
[Round "8"]
[White "Cornette,M"]
[Black "Maze,S"]
[Result "1/2-1/2"]
[WhiteElo "2562"]
[BlackElo "2571"]

1.d4 d5 2.Nf3 c6 3.c4 Nf6 4.Nc3 dxc4 5.a4 Bf5 6.e3 e6 7.Bxc4 Bb4 8.O-O Nbd7
9.Qe2 O-O 10.e4 Bg6 11.Bd3 Rc8 12.e5 Nd5 13.Bxg6 fxg6 14.Bd2 Qe7 15.Nxd5 cxd5
16.Bxb4 Qxb4 17.Qb5 Qxb5 18.axb5 Kf7 19.Rxa7 Rc7 20.Nd2 Rfc8 21.Nb3 b6 22.Rxc7 Rxc7
23.Rc1 Ra7 24.Ra1 Rc7 25.Rc1  1/2-1/2

[Event "3rd Metropolitan Qualifier"]
[Site "Los Angeles USA"]
[Date "2011.05.13"]
[Round "1"]
[White "Kudryavtsev,V"]
[Black "Parmet,D"]
[Result "1-0"]
[WhiteElo "2104"]
[BlackElo "1894"]

1.d4 d5 2.c4 c6 3.Nf3 Nf6 4.Nc3 dxc4 5.a4 Bf5 6.Ne5 Nbd7 7.Nxc4 Qc7 8.Bg5 e5
9.Bxf6 gxf6 10.e3 exd4 11.exd4 O-O-O 12.Be2 Bb4 13.O-O Rhg8 14.Qb3 Bh3 15.Bf3 a5
16.Rfd1 Rde8 17.Re1 Be6 18.Rad1 Kb8 19.d5 Nc5 20.Qc2 Qf4 21.Re3 Bf5 22.Qe2 Rxe3
23.fxe3 Qh4 24.dxc6 bxc6 25.Rd4 Qg5 26.Bxc6 Bd3 27.Rxd3 Nxd3 28.Qxd3 Rc8
29.Qd5 Qxd5 30.Bxd5 Bxc3 31.bxc3 Rc5 32.Bxf7 Rc7 33.Bd5 Rc5 34.e4 f5 35.Ne5 Rxc3
36.exf5 Kc7 37.f6 Kd6 38.f7 Rc8 39.Nc4+  1-0

[Event "TCh-NED"]
[Site "Netherlands NED"]
[Date "2011.05.15"]
[Round "9.5"]
[White "Wantola,I"]
[Black "Kabatianski,A"]
[Result "1/2-1/2"]
[WhiteElo "2301"]
[BlackElo "2439"]

1.Nf3 d5 2.d4 Nf6 3.c4 c6 4.Nc3 dxc4 5.a4 Bf5 6.Nh4 Bg4 7.h3 Bh5 8.g4 Bg6
9.Nxg6 hxg6 10.e3 e6 11.Bxc4 Bb4 12.Qf3 Nbd7 13.Bd2 Qa5 14.h4 O-O-O 15.Bb3 Rhf8
16.O-O-O Nb6 17.Kc2 e5 18.g5 Nfd5 19.dxe5 Nxc3 20.bxc3 Rxd2+ 21.Rxd2 Bxc3
22.Rd3 Bxe5 23.Qe4 f5 24.gxf6 Qc5+ 25.Kb1 Bxf6 26.Rc1 Qe7 27.Qxe7 Bxe7 28.a5 Na8
29.Be6+ Kb8 30.f4 Nc7 31.Bb3 Bxh4 32.Rg1 Bf6 33.Rxg6 Nb5 34.Bc4 Nc3+ 35.Kc2 Ne4
36.Rg2 Kc7 37.Rd1 Re8 38.Bd3 Nc3 39.Rdg1 Nd5 40.Rxg7+ Bxg7 41.Rxg7+ Kb8 42.a6 bxa6
43.Kd2 Rxe3 44.Bc4 Re7 45.Rg5 Kc7 46.Bxd5 cxd5 47.Rg6 Re4 48.Rxa6 Rxf4 49.Rxa7+ Kd6
50.Kd3 Rh4 51.Ra8  1/2-1/2

[Event "4th Beirut Open"]
[Site "Beirut LIB"]
[Date "2011.05.16"]
[Round "4.1"]
[White "Stupak,K"]
[Black "Sriram,J"]
[Result "1/2-1/2"]
[WhiteElo "2527"]
[BlackElo "2446"]

1.d4 d5 2.Nf3 Nf6 3.c4 c6 4.Nc3 dxc4 5.a4 Bf5 6.g3 Na6 7.Nh4 Be6 8.Bg2 g6
9.O-O Bg7 10.h3 Qd7 11.Kh2 Qd8 12.Kg1 Qd7 13.Kh2 Qd8 14.Kg1 Qd7 15.Kh2  1/2-1/2

[Event "TCh-UKR Clubs 2011"]
[Site "Alushta UKR"]
[Date "2011.05.17"]
[Round "5.3"]
[White "Lastin,A"]
[Black "Zabolotny,V"]
[Result "1-0"]
[WhiteElo "2617"]
[BlackElo "2195"]

1.d4 d5 2.c4 c6 3.Nf3 Nf6 4.Nc3 dxc4 5.a4 Bf5 6.Ne5 Nbd7 7.Nxc4 Nb6 8.Ne5 a5
9.g3 e6 10.Bg2 Bb4 11.O-O O-O 12.e3 Qe7 13.g4 Bg6 14.h4 h5 15.g5 Nfd7 16.Nxg6 fxg6
17.Qc2 Kh7 18.f4 Qf7 19.Bf3 Qf5 20.Qg2 Nc4 21.Be4 Qf7 22.Qe2  1-0

[Event "20th Croatian Cup"]
[Site "Sibenik CRO"]
[Date "2011.05.19"]
[Round "2.104"]
[White "Takac,Z"]
[Black "Maslac,Z"]
[Result "1/2-1/2"]
[WhiteElo "2071"]
[BlackElo "2129"]

1.d4 d5 2.Nf3 c6 3.c4 Nf6 4.Nc3 dxc4 5.a4 Bf5 6.e3 e6 7.Bxc4 Bb4 8.O-O Nbd7
9.Qe2 O-O 10.Rd1 Bg6 11.Bd3 Qc7 12.Bd2 e5 13.dxe5 Nxe5 14.Nxe5 Qxe5 15.Bxg6  1/2-1/2

[Event "20th Croatian Cup"]
[Site "Sibenik CRO"]
[Date "2011.05.19"]
[Round "3.32"]
[White "Zaja,I"]
[Black "Rogic,D"]
[Result "1/2-1/2"]
[WhiteElo "2485"]
[BlackElo "2581"]

1.d4 d5 2.c4 c6 3.Nf3 Nf6 4.Nc3 dxc4 5.a4 Bf5 6.Nh4 e6 7.Nxf5 exf5 8.e3 Bb4
9.Bxc4 O-O 10.O-O Nbd7 11.Qc2 g6 12.f3 Qb6 13.Kh1 c5 14.Qb3 Ba5 15.Rd1 Qxb3
16.Bxb3 a6 17.Nd5 Kg7 18.Bd2 Bxd2 19.Rxd2 Rac8 20.Nxf6 Nxf6 21.dxc5 Rxc5
22.Kg1 Rfc8 23.Kf2 R8c6 24.a5 Rc7 25.Ra4 Kf8 26.Bd1 Ke7 27.Be2  1/2-1/2

[Event "ch-Siberia Women"]
[Site "Barnaul RUS"]
[Date "2011.05.20"]
[Round "1"]
[White "Cheremnova,T"]
[Black "Fursova,Darya"]
[Result "1-0"]
[WhiteElo "2227"]
[BlackElo "1686"]

1.d4 d5 2.c4 c6 3.Nc3 Nf6 4.Nf3 dxc4 5.a4 Bf5 6.e3 e6 7.Bxc4 Nbd7 8.O-O Bd6
9.Qe2 O-O 10.e4 Bg4 11.e5 Bxf3 12.gxf3 Bc7 13.exf6 Nxf6 14.Rd1 Nd5 15.Qe4 Qf6
16.Bd3 g6 17.Bh6 Rfe8 18.Qg4 Ne7 19.Bg5 Qg7 20.Bf4 Bxf4 21.Qxf4 Rac8 22.Qe5 Qh6
23.Ne4 Red8 24.Nf6+ Kf8 25.Be4 Qg7 26.a5 a6 27.Kh1 Qh6 28.Rd3 Nd5 29.Bxd5 cxd5
30.Nd7+ Ke8 31.Nc5 Rb8 32.Rb3 Ke7 33.Rb6 Qh3 34.Qg3 Qh6 35.Nxb7 Rdc8 36.Nc5 Rxb6
37.axb6 Qf8 38.b7 Rb8 39.Qc7+ Ke8 40.Qd7+  1-0

[Event "ch-Siberia Men"]
[Site "Barnaul RUS"]
[Date "2011.05.21"]
[Round "2"]
[White "Samdanov,S"]
[Black "Ivakhinova,I"]
[Result "1/2-1/2"]
[WhiteElo "2139"]
[BlackElo "2326"]

1.d4 d5 2.c4 c6 3.Nf3 Nf6 4.Nc3 dxc4 5.a4 Bf5 6.Nh4 e6 7.Nxf5 exf5 8.e3 Bb4
9.Bxc4 O-O 10.Qc2 g6 11.O-O Qe7 12.f3 c5 13.Na2 Ba5 14.dxc5 Nc6 15.Rb1 Rfc8
16.b4 Nxb4 17.Nxb4 Qxc5 18.Qb2 Qxc4 19.Qxf6 Bxb4 20.Rxb4 Qxb4 21.Bb2 Kf8
22.Qh8+ Ke7 23.Qe5+ Kf8 24.Rd1 Qxa4 25.Qh8+ Ke7 26.Qe5+ Kf8 27.Rd5 Re8 28.Qh8+ Ke7
29.Qe5+ Kf8 30.Qg7+ Ke7 31.Be5 Qc6 32.Rd6 Qxd6 33.Bxd6+ Kxd6 34.Qd4+ Ke7
35.Qe5+ Kd7 36.Qd5+ Ke7 37.Qe5+ Kd7 38.Qd5+ Kc7 39.Qc5+ Kb8 40.Qd6+ Kc8 41.Qc5+ Kd7
42.Qd5+ Kc7  1/2-1/2

[Event "XXX Zalakaros Open"]
[Site "Zalakaros HUN"]
[Date "2011.05.21"]
[Round "2"]
[White "Kincs,I"]
[Black "Xu,F"]
[Result "1-0"]
[WhiteElo "2159"]
[BlackElo "1951"]

1.d4 d5 2.Nf3 Nf6 3.c4 c6 4.Nc3 dxc4 5.a4 Bf5 6.Ne5 e6 7.f3 c5 8.e4 Bg6 9.Bxc4 cxd4
10.Bb5+ Nbd7 11.Qxd4 a6 12.Bxd7+ Nxd7 13.Nxd7 Qxd7 14.Qxd7+ Kxd7 15.Bf4 Bb4
16.O-O-O+ Ke7 17.Rd4 Bc5 18.Rc4 Rac8 19.Kb1 Rhd8 20.Rc1 Kd7 21.a5 Be7 22.Na4 Rxc4
23.Rxc4 Ke8 24.Kc2 Bd6 25.Bxd6 Rxd6 26.Nc5 Rc6 27.Kc3 Rc7 28.Kd4 f6 29.e5 Ke7
30.Rc3 Be8 31.Re3 f5 32.g4 g6 33.gxf5 gxf5 34.f4 h5 35.Rg3 Bd7 36.Rg7+ Ke8
37.Rh7 h4 38.Rxh4 Kf8 39.Rh7  1-0

[Event "XXX Zalakaros Open"]
[Site "Zalakaros HUN"]
[Date "2011.05.23"]
[Round "4"]
[White "Istvanovszki,M"]
[Black "Chen Yang"]
[Result "1-0"]
[WhiteElo "2297"]
[BlackElo "2081"]

1.d4 d5 2.c4 c6 3.Nf3 Nf6 4.Nc3 dxc4 5.a4 Bf5 6.a5 e6 7.e3 Nbd7 8.Bxc4 b5
9.Bd3 Bxd3 10.Qxd3 a6 11.O-O c5 12.Rd1 c4 13.Qc2 Be7 14.e4 Qc7 15.Bg5 h6
16.Bh4 g5 17.Bg3 Qb7 18.d5 Nh5 19.dxe6 fxe6 20.e5 O-O-O 21.Qg6 Nxg3 22.Qxe6 Nh5
23.Qxe7 Nf4 24.e6 Nb8 25.Rxd8+ Rxd8 26.Qf6 Nc6 27.Ne4 Nd4 28.e7  1-0

[Event "XXX Zalakaros Open"]
[Site "Zalakaros HUN"]
[Date "2011.05.25"]
[Round "6"]
[White "Csiszar,C"]
[Black "Kernazhitsky,L"]
[Result "1/2-1/2"]
[WhiteElo "2389"]
[BlackElo "2296"]

1.d4 d5 2.Nf3 Nf6 3.c4 c6 4.Nc3 dxc4 5.a4 Bf5 6.Ne5 e6 7.f3 c5 8.dxc5 Qxd1+
9.Kxd1 Bxc5 10.e4 Bg6 11.Nb5 Kd8 12.Bxc4 a6 13.Na3 Nbd7 14.Nd3 Bd6 15.Ke2 Ke7
16.b3 Ne5 17.Bb2 Nfd7 18.Rad1 f6 19.Rd2 Rhd8 20.h3 Nxd3 21.Bxd3 Bb4 22.Rdd1 Rac8
23.Nc2 Bc3 24.Ba3+ Nc5 25.Ne3 Ke8 26.Bc4 Bf7 27.Rxd8+ Kxd8 28.Rc1 Be5 29.Nf5 g6
30.Rd1+ Ke8 31.Nd6+ Bxd6 32.Rxd6 Nxa4 33.Bxe6 Nc3+ 34.Kd3 Rc7 35.Bxf7+ Kxf7
36.Bb2 Nb5 37.Rxf6+ Ke7 38.Rb6 Rd7+ 39.Ke3 Na7 40.Ba3+ Kf7 41.Rd6 Rxd6 42.Bxd6 Nc6
43.Kd3 Ke6 44.Bc7 b5 45.f4 h5 46.g4 hxg4 47.hxg4 a5 48.Bb6 a4 49.bxa4 bxa4
50.Bd4 a3 51.Bc3 a2 52.Kc4 Na5+ 53.Kb4 Nb7 54.f5+ gxf5 55.gxf5+ Kd6 56.Kc4 Na5+
57.Kd3 Nb3 58.Bb2 Nc5+ 59.Kd4 Nb3+ 60.Kc4 Nd2+ 61.Kd3 Nb3 62.Bc3 Nc5+ 63.Ke3 Nb3
64.e5+ Kd5 65.Kf4 a1=Q 66.Bxa1 Nxa1 67.e6 Kd6 68.Kg5 Nc2 69.f6 Kxe6 70.Kg6 Nd4  1/2-1/2

[Event "Orlova Open"]
[Site "Orlova CZE"]
[Date "2011.05.26"]
[Round "6.7"]
[White "Jaworski,Mi"]
[Black "Podlesny,Pa"]
[Result "1-0"]
[WhiteElo "2345"]
[BlackElo "2104"]

1.d4 d5 2.c4 c6 3.Nf3 Nf6 4.Nc3 dxc4 5.a4 Bf5 6.e3 e6 7.Bxc4 Nbd7 8.O-O Be7
9.a5 O-O 10.Nh4 Bg4 11.f3 Bh5 12.g4 Bg6 13.Nxg6 hxg6 14.e4 b5 15.axb6 axb6
16.Rxa8 Qxa8 17.g5 Ne8 18.f4 b5 19.Bb3 Nd6 20.f5 exf5 21.exf5 gxf5 22.Qh5 Qa7
23.Rf4 Bxg5 24.Qxg5 Nf6 25.Qh4 Re8 26.Rf3 b4 27.Rh3 Kf8 28.Qf4 Re1+ 29.Kf2 Qe7
30.Rh8+ Ng8 31.Bd2 Ra1 32.Na2 g5 33.Qxd6 Qxd6 34.Bxb4 Kg7 35.Rxg8+ Kxg8 36.Bxd6 Rb1
37.Ba3 Rh1 38.Kg2 Re1 39.Nc3 f4 40.h3 Kg7 41.Ba4 Re6 42.d5 cxd5 43.Nxd5 f5
44.h4 Re4 45.Bc6 g4 46.Ne7 Rc4 47.Nxf5+ Kf6 48.Ne7 Rc2+ 49.Kf1 f3 50.Nd5+ Ke5
51.Nc3 Kd4 52.h5 Rh2 53.Nb5+ Kd3 54.Bd6 Rxb2 55.h6 Rb1+ 56.Kf2 Rb2+ 57.Kg3 Rg2+
58.Kh4 Rg1 59.Bg3 Ke3 60.Nd6 Rb1 61.Nf5+ Ke2 62.Kxg4 f2 63.Bf3+ Kf1 64.h7 Rb4+
65.Kg5  1-0

[Event "84th ch-St Petersburg"]
[Site "St Petersburg RUS"]
[Date "2011.05.26"]
[Round "6"]
[White "Bazeev,G"]
[Black "Goganov,A"]
[Result "1-0"]
[WhiteElo "2315"]
[BlackElo "2480"]

1.d4 d5 2.c4 c6 3.Nc3 Nf6 4.Nf3 dxc4 5.a4 Bf5 6.e3 e6 7.Bxc4 Bb4 8.O-O Nbd7
9.Qe2 Bg4 10.Rd1 O-O 11.e4 Qe7 12.Bg5 h6 13.Bh4 e5 14.d5 Rad8 15.a5 Qc5 16.Na2 Bxf3
17.gxf3 Bxa5 18.b4 Bxb4 19.Nxb4 Qxb4 20.dxc6 bxc6 21.Rxa7 Qc5 22.Qa2 g5 23.Bg3 Kg7
24.Bf1 Rfe8 25.Bh3 Re7 26.Bf5 Nf8 27.Rxd8 Rxa7 28.Qb2 N6d7 29.Re8 Ra5 30.Kg2 Rb5
31.Qd2 Rb7 32.h4 f6 33.h5 Kf7 34.Ra8 Ra7 35.Rc8 Ke7 36.Qb2 Qc4 37.Bg6 Ra2
38.Qb1 Ne6 39.Re8+ Kd6 40.Bf5 Nd4 41.Qb7 Nxf5 42.exf5 Qd5 43.Rd8 Ke7 44.Rh8 Rd2
45.Qc7 Kf7 46.Qd8 Kg7 47.Rxh6  1-0